[Wissenschaftliches Schreiben]

Recenzia na vysokoškolskú učebnicu autorky Kataríny Seresovej, ktorá sa venuje procesu vzniku vedeckého textu v širšom kontexte. Cieľovú skupinu tvoria študenti nemeckého jazyka.

Salvato in:
Dettagli Bibliografici
Autore principale: Gašová, Zuzana, 1977-
Natura: Capitolo di libro
Lingua:slovacco
Soggetti:
Tags: Aggiungi Tag
Nessun Tag, puoi essere il primo ad aggiungerne!!

MARC

LEADER 00000naa a2200000 4500
001 0261224
005 20240502074139.9
041 0 |a slo 
044 |a SK 
245 1 0 |a [Wissenschaftliches Schreiben]  |c Zuzana Gašová 
520 |a Recenzia na vysokoškolskú učebnicu autorky Kataríny Seresovej, ktorá sa venuje procesu vzniku vedeckého textu v širšom kontexte. Cieľovú skupinu tvoria študenti nemeckého jazyka. 
610 2 0 |a recenzie 
610 2 0 |a Slovensko 
610 2 0 |a jazyky cudzie 
610 2 0 |a učebnice 
100 1 |a Gašová, Zuzana, 1977-